000 00447nam a2200181Ia 4500
001 4330
005 20260306145748.0
008 260306t1976||||xx |||||||||||||| ||spa||
041 _aESP
082 _a320.946
_bD88A
100 _aDomínguez Ortiz, Antonio
_eAUT
245 0 _aSociedad y estado en el siglo XVIII Español
260 _c1976
300 _a532 páginas :
_c22 cm.
650 _aGEN
654 _aCDE
942 _cLIB
_dJUS
_fJUS
_2ddc
_n
999 _c4330
_d4330